Les Bourreaux du LOSC en Coupe de France (2012–2025) 🥀 - Statistiques

Statistiques générales
  • Ce quiz a Ă©tĂ© pris 51 fois
  • Le rĂ©sultat moyen est 4 sur 14
Statistiques - réponses
Hint Réponse % Correct
2022/2023 Lyon
93%
2023/2024 Lyon
93%
2021/2022 RC Lens
41%
2024/2025 USL Dunkerque
41%
2020/2021 Paris SG
27%
2013/2014 Stade Rennais
20%
2018/2019 Stade rennais
20%
2016/2017 AS Monaco
16%
2017/2018 RC Strasbourg
11%
2012/2013 ASSE
9%
2019/2020 SAS Épinal
9%
2014/2015 SC Bastia
5%
2015/2016 Trélissac FC
2%
2011/2012 Valenciennes FC
2%
Aucun quiz correspondant
Distribution des résultats
% des personnes avec chaque résultat
Percentile par nombre de réponses
Votre historique - résultats
Vous n’avez pas pris ce quiz